| 000 | 01622cam a22003131i 4500 | ||
|---|---|---|---|
| 003 | SA-RiAUC | ||
| 005 | 20250922115109.0 | ||
| 008 | 250917s2014 le g 000 0 ara c | ||
| 020 | _a2745170538 | ||
| 040 |
_aSA-JeALM _bara _cSA-RiAUC _erda |
||
| 082 | 0 | 4 |
_a160.89927 _qSA-RiAUC |
| 090 |
_a160.89927 _bد م ن |
||
| 100 | 1 |
_aالدمنهوري، أحمد بن عبد المنعم بن يوسف، _d1101-1192 هجري _eمؤلف. |
|
| 245 | 1 | 0 |
_aإيضاح المبهم من معاني السلم في المنطق / _cشهاب الدين أحمد بن عبد المنعم الدمنهوري. ويليه شرح العلامة الأخضري بحواشي الباجوري ؛راجعه طه عبدالرؤف سعد. |
| 264 | 1 |
_aبيروت : _bالمكتبة الأزهرية للتراث، _c2014 |
|
| 300 |
_a128 صفحة ؛ _c24 × 17 سم |
||
| 336 |
_aنص _btxt _2rdacontent _3كتاب |
||
| 337 |
_aبدون وسيط _bn _2rdamedia |
||
| 338 |
_aمجلد _bnc _2rdacarrier |
||
| 650 | 7 |
_aالمنطق عند العرب _2aucsh |
|
| 700 | 1 | 2 |
_aالأخضري، عبد الرحمن بن محمد بن محمد، _d918-983 هجري |
| 700 | 1 | 2 |
_aالباجوري، إبراهيم بن محمد بن أحمد، _d1198-1277 هجري |
| 700 |
_aسعد, طه عبدالرؤف. _eراجعه. |
||
| 740 | 0 | 2 | _aمتن السلم في علم المنطق، أو، السلم المرونق في علم المنطق. |
| 740 | 2 | 2 | _aالسلم المرونق في علم المنطق. |
| 740 | 0 | 2 | _aشرح الباجوري على متن السلم. |
| 942 |
_2ddc _cBOOK _n0 |
||
| 949 |
_aSA-JeALM _d250917 _umohamedma123 _n1 |
||
| 999 |
_c11994 _d11994 |
||